Statystyki dla Powiaty na literę W

Kliknij tutaj aby rozwiązać quiz!

Ogólne statystyki

  • Ten quiz został rozwiązany 189 razy
  • Średni wynik to 22 z 28

Statystyki odpowiedzi

WojewództwoPowiat% Poprawnych
mazowieckieWarszawa
95%
dolnośląskieWrocław
93%
dolnośląskiewałbrzyski
92%
dolnośląskieWałbrzych
91%
dolnośląskiewrocławski
91%
małopolskiewielicki
88%
łódzkiewieluński
88%
małopolskiewadowicki
85%
mazowieckiewarszawski zachodni
85%
kujawsko-pomorskiewłocławski
85%
kujawsko-pomorskieWłocławek
80%
śląskiewodzisławski
80%
warmińsko-mazurskiewęgorzewski
78%
mazowieckiewołomiński
78%
pomorskiewejherowski
77%
łódzkiewieruszowski
75%
zachodniopomorskiewałecki
72%
wielkopolskiewolsztyński
72%
lubelskiewłodawski
71%
świętokrzyskiewłoszczowski
71%
mazowieckiewyszkowski
71%
wielkopolskiewągrowiecki
70%
dolnośląskiewołowski
70%
wielkopolskiewrzesiński
70%
podlaskiewysokomazowiecki
67%
lubuskiewschowski
66%
kujawsko-pomorskiewąbrzeski
64%
mazowieckiewęgrowski
63%

Rozkład punktacji

Percentyl według liczby udzielonych odpowiedzi

Procent ludzi z każdym wynikiem

Twoja historia wyników

Nie rozwiązałeś tego quizu